<?xml version="1.0" encoding="UTF-8"?>
<record
    xmlns:xsi="http://www.w3.org/2001/XMLSchema-instance"
    xsi:schemaLocation="http://www.loc.gov/MARC21/slim http://www.loc.gov/standards/marcxml/schema/MARC21slim.xsd"
    xmlns="http://www.loc.gov/MARC21/slim">

  <leader>02272nam a2200289 a 4500</leader>
  <controlfield tag="001">000032175</controlfield>
  <controlfield tag="003">DO-SdBNP</controlfield>
  <controlfield tag="005">20240402134028.0</controlfield>
  <controlfield tag="008">090715s2008    dr a          000 0 spa d</controlfield>
  <datafield tag="040" ind1=" " ind2=" ">
    <subfield code="a">DO-SdBNP</subfield>
    <subfield code="b">spa</subfield>
    <subfield code="c">BNPHU</subfield>
  </datafield>
  <datafield tag="082" ind1=" " ind2=" ">
    <subfield code="a">343.729304</subfield>
    <subfield code="b">R426le 2008</subfield>
  </datafield>
  <datafield tag="110" ind1="1" ind2=" ">
    <subfield code="a">Rep&#xFA;blica Dominicana</subfield>
    <subfield code="9">447</subfield>
  </datafield>
  <datafield tag="240" ind1="1" ind2="0">
    <subfield code="a">C&#xF3;digo tributario</subfield>
  </datafield>
  <datafield tag="245" ind1="1" ind2="0">
    <subfield code="a">Ley no. 11-92, C&#xF3;digo tributario de la Rep&#xFA;blica Dominicana :</subfield>
    <subfield code="b">cuatro de las diferentes modificaciones ; Reglamentos dec.139-98(mod. por decs. 195-01 y 1520-04), dec. 140-98 (mod. por decs. 196-01 y 1108-01); dec. 79-03 (mod. dec. 1360-04) y dec. 1521-04 /</subfield>
    <subfield code="c">Trajano Vidal Potentini, Federico Sepulveda.</subfield>
  </datafield>
  <datafield tag="250" ind1=" " ind2=" ">
    <subfield code="a">7a. ed., actualizada, verificada con el de la Suprema y ampliado</subfield>
  </datafield>
  <datafield tag="260" ind1=" " ind2=" ">
    <subfield code="a">Moca, Rep&#xFA;blica Dominicana :</subfield>
    <subfield code="b">Dalis,</subfield>
    <subfield code="c">2008.</subfield>
  </datafield>
  <datafield tag="300" ind1=" " ind2=" ">
    <subfield code="a">235 p. ;</subfield>
    <subfield code="c">22 cm.</subfield>
  </datafield>
  <datafield tag="500" ind1=" " ind2=" ">
    <subfield code="a">Ley no. 11-92 (Gaceta oficial no. 9835), mod. por leyes 112-00, 147-00, 12-01, 3-04, 288-04 y 557-05, 227-06, 495-06, 172-07, y 175-07)</subfield>
  </datafield>
  <datafield tag="500" ind1=" " ind2=" ">
    <subfield code="a">Incluye notas al pie de las p&#xE1;ginas</subfield>
  </datafield>
  <datafield tag="505" ind1="0" ind2=" ">
    <subfield code="g">&#xCD;ndice general del c&#xF3;digo tributario --</subfield>
    <subfield code="g">T&#xED;tulo 1</subfield>
    <subfield code="t">De las normas generales, procedimientos y sanciones tributarias --</subfield>
    <subfield code="g">T&#xED;tulo 2</subfield>
    <subfield code="t">Del impuesto sobre la renta --</subfield>
    <subfield code="g">T&#xED;tulo 3</subfield>
    <subfield code="t">Del impuesto sobre sobre las transferencias de bienes industrializados y servicios --</subfield>
    <subfield code="g">T&#xED;tulo 4</subfield>
    <subfield code="t">Del impuesto selectivo al consumo --</subfield>
    <subfield code="g">T&#xED;tulo 5</subfield>
    <subfield code="t">Agregado por la ley 557-05 impuesto sobre activos arts. 401 al 408 --</subfield>
    <subfield code="g">Reglamentos :</subfield>
    <subfield code="t">Reglamentos decreto 139-98-t&#xED;tulo ll (mod. por dec. 195-01 del impuesto sobre la renta --</subfield>
    <subfield code="t">Reglamento (&#xED;ndice por art&#xED;culo) (dec. 140-98 t&#xED;tulo lll (mod. por el dec. 196-01 del impuesto sobre sobre las transferencias de bienes industrializados y servicios-ITBIS --</subfield>
    <subfield code="t">Reglamento dec. no.79-03 para aplicaci&#xF3;n t&#xED;tulo lV impuesto selectivo al consumo --</subfield>
    <subfield code="t">Reglamento, decreto no.1521-04 reglamento para aplicaci&#xF3;n del r&#xE9;gimen de estimaci&#xF3;n simple para la declaraci&#xF3;n jurada de impuesto sobre la renta de los peque&#xF1;os</subfield>
  </datafield>
  <datafield tag="590" ind1=" " ind2=" ">
    <subfield code="a">Inventariado, 2018/VM</subfield>
  </datafield>
  <datafield tag="650" ind1="1" ind2="4">
    <subfield code="a">Derecho fiscal</subfield>
    <subfield code="x">Legislaci&#xF3;n</subfield>
    <subfield code="z">Rep&#xFA;blica Dominicana</subfield>
    <subfield code="9">9397</subfield>
  </datafield>
  <datafield tag="700" ind1="1" ind2="2">
    <subfield code="a">Potentini Adames, Trajano Vidal&#x200F;</subfield>
    <subfield code="9">73577</subfield>
  </datafield>
  <datafield tag="700" ind1="1" ind2="2">
    <subfield code="a">Sepulveda, Federico</subfield>
    <subfield code="9">11789</subfield>
  </datafield>
  <datafield tag="910" ind1=" " ind2=" ">
    <subfield code="a">Validado. Control de calidad MFF</subfield>
  </datafield>
  <datafield tag="942" ind1=" " ind2=" ">
    <subfield code="2">ddc</subfield>
    <subfield code="c">LBS1</subfield>
  </datafield>
  <datafield tag="952" ind1=" " ind2=" ">
    <subfield code="0">0</subfield>
    <subfield code="1">0</subfield>
    <subfield code="2">ddc</subfield>
    <subfield code="5">1</subfield>
    <subfield code="7">1</subfield>
    <subfield code="8">PD</subfield>
    <subfield code="a">BNPHU</subfield>
    <subfield code="b">PD</subfield>
    <subfield code="c">HD</subfield>
    <subfield code="d">2011-07-13</subfield>
    <subfield code="l">0</subfield>
    <subfield code="o">BNPHU PD 343.729304 R426le 2008</subfield>
    <subfield code="p">32175-10</subfield>
    <subfield code="r">2020-06-25</subfield>
    <subfield code="w">2020-06-25</subfield>
    <subfield code="y">LFPD</subfield>
  </datafield>
  <datafield tag="952" ind1=" " ind2=" ">
    <subfield code="0">0</subfield>
    <subfield code="1">0</subfield>
    <subfield code="2">ddc</subfield>
    <subfield code="5">6</subfield>
    <subfield code="7">2</subfield>
    <subfield code="8">DS</subfield>
    <subfield code="a">BNPHU</subfield>
    <subfield code="b">BNPHU</subfield>
    <subfield code="c">HD</subfield>
    <subfield code="d">2021-08-18</subfield>
    <subfield code="e">Donaci&#xF3;n</subfield>
    <subfield code="l">0</subfield>
    <subfield code="o">BNPHU PD 343.729304 R426le 2008</subfield>
    <subfield code="p">2021-25468</subfield>
    <subfield code="r">2021-08-18</subfield>
    <subfield code="t">e.2</subfield>
    <subfield code="w">2021-08-18</subfield>
    <subfield code="y">4</subfield>
  </datafield>
  <datafield tag="999" ind1=" " ind2=" ">
    <subfield code="c">31666</subfield>
    <subfield code="d">31666</subfield>
  </datafield>
</record>
